000
00262 a2200121 4500
001
146460
040
_c
Escola São Tomás de Aquino
100
_a
ZAMBUJAL, Isabel
240
1
0
_a
strauss
_l
por
245
1
0
_a
strauss
697
_a
*LITERATURA INFANTO
942
_c
BK
999
_c
146460
_d
146460